[Event "Qatar Masters Open 2023"]
[Site "Doha QAT"]
[Date "2023.10.14"]
[Round "4.62"]
[White "Viani, Antonio Dcunha"]
[Black "Sattarov, Bobir"]
[Result "1-0"]
[WhiteTitle "IM"]
[BlackTitle "IM"]
[WhiteElo "2410"]
[BlackElo "2341"]
[WhiteFideId "5027330"]
[BlackFideId "14203081"]
[EventDate "2023.10.11"]

1. d4 Nf6 2. c4 e6 3. g3 c5 4. d5 exd5 5. cxd5 g6 6. Nc3 d6 7. Bg2 Bg7 8. Nf3
O-O 9. O-O Re8 10. Nd2 Nbd7 11. a4 a6 12. h3 Rb8 13. Nc4 Ne5 14. Na3 Nh5 15. e4
Bd7 16. f4 Nxg3 17. fxe5 Bxe5 18. Nc4 Bd4+ 19. Rf2 Bxf2+ 20. Kxf2 Qh4 21. Kg1
Bxh3 22. Bxh3 Nxe4 23. Qf3 Nxc3 24. Bf1 Re4 25. Ne3 Nxa4 26. Ng2 Qg4 27. Qf6 Rb4
28. Qxd6 Re8 29. Bh6 Qd4+ 30. Kh1 Rb3 31. Qd7 Qe5 32. Re1 Qh5+ 33. Kg1 Qxh6 34.
Qxe8+ Kg7 35. Qxa4 Rh3 36. Qd1 Qg5 37. d6 Rh4 38. d7 Rd4 39. Qxd4+ cxd4 40. Re8 1-0

[Event "Qatar Masters Open 2023"]
[Site "Doha QAT"]
[Date "2023.10.14"]
[Round "4.63"]
[White "Munkhdalai, Amilal"]
[Black "Dushyant, Sharma"]
[Result "1/2-1/2"]
[WhiteTitle "FM"]
[BlackTitle "IM"]
[WhiteElo "2409"]
[BlackElo "2339"]
[WhiteFideId "4903250"]
[BlackFideId "25065130"]
[EventDate "2023.10.11"]

1. e4 e5 2. Nf3 Nc6 3. Bb5 a6 4. Ba4 Nf6 5. O-O b5 6. Bb3 Bc5 7. c3 d6 8. d4 Bb6
9. Bg5 h6 10. Bxf6 Qxf6 11. a4 Rb8 12. axb5 axb5 13. Na3 exd4 14. Nxb5 Bg4 15.
Nbxd4 Nxd4 16. cxd4 Bxf3 17. Qxf3 Qxf3 18. gxf3 Bxd4 19. Rfd1 Bxb2 20. Ra7 Rxb3
21. Ra8+ Kd7 22. Rxh8 Rxf3 23. Kg2 Rf4 24. f3 f5 25. Rf8 Ke7 26. Rb8 Be5 27. Rb7
fxe4 28. fxe4 Kd8 29. Rc1 Rf7 30. Rc6 Kc8 31. Rb4 g5 32. h3 h5 33. Ra6 g4 34.
Ra8+ Kd7 35. Rb3 Rf4 36. Re3 c5 37. Ra7+ Kc6 38. Rh7 g3 39. Rxg3 Rxe4 40. Rg8 h4
41. Rg4 Re2+ 42. Kf3 Rc2 43. Rhxh4 Kd5 44. Ra4 Rc3+ 1/2-1/2

[Event "Qatar Masters Open 2023"]
[Site "Doha QAT"]
[Date "2023.10.14"]
[Round "4.64"]
[White "Aaryan, Varshney"]
[Black "Krishna, C R G"]
[Result "1/2-1/2"]
[WhiteTitle "FM"]
[BlackTitle "IM"]
[WhiteElo "2339"]
[BlackElo "2407"]
[WhiteFideId "45048975"]
[BlackFideId "5018625"]
[EventDate "2023.10.11"]

1. d4 Nf6 2. c4 c6 3. Nf3 d5 4. Nc3 a6 5. e3 Bf5 6. Bd3 e6 7. O-O Bg6 8. b3 Nbd7
9. Bb2 Bd6 10. Qc2 Bh5 11. Nd2 e5 12. cxd5 cxd5 13. dxe5 Nxe5 14. Be2 Bg6 15.
Qd1 Nd3 16. Bxd3 Bxd3 17. Re1 O-O 18. Nf3 Be4 19. Rc1 Qe7 20. Nd4 Rfd8 21. Nxe4
dxe4 22. Nf5 Qe6 23. Nxd6 Rxd6 24. Qe2 Rad8 25. Red1 h6 26. Rxd6 Rxd6 27. Rd1
Rxd1+ 28. Qxd1 Qd5 29. Qc2 Nd7 30. Bd4 Qc6 1/2-1/2

[Event "Qatar Masters Open 2023"]
[Site "Doha QAT"]
[Date "2023.10.14"]
[Round "4.65"]
[White "Abdurakhmonov, Mukhammadali"]
[Black "Tomaszewski, Kacper"]
[Result "1/2-1/2"]
[WhiteTitle "IM"]
[BlackTitle "FM"]
[WhiteElo "2405"]
[BlackElo "2307"]
[WhiteFideId "14207346"]
[BlackFideId "1127373"]
[EventDate "2023.10.11"]

1. d4 Nf6 2. Nf3 g6 3. Bf4 Bg7 4. e3 c5 5. c3 b6 6. Be2 Bb7 7. h3 O-O 8. O-O d6
9. a4 a6 10. Bh2 Nbd7 11. Nbd2 Qc7 12. Re1 Rac8 13. Bf1 Rfe8 14. e4 cxd4 15.
cxd4 Qc2 16. e5 Qxd1 17. Raxd1 dxe5 18. dxe5 Nd5 19. e6 fxe6 20. Nc4 Nc5 21. a5
b5 22. Nce5 Bf6 23. g4 Red8 24. g5 Bg7 25. h4 Nb4 26. Nd4 Rxd4 27. Rxd4 Nc2 28.
Rdd1 Nxe1 29. Rxe1 Bxe5 30. Bxe5 Bd5 31. Rc1 Rc6 32. Bg2 Ne4 33. Rxc6 Bxc6 34.
b4 Kf7 35. Bf3 Bd5 36. Bd1 Nd2 37. f4 Bf3 38. Bc2 Be4 39. Bd1 Bf3 40. Bc2 Be4
41. Bd1 1/2-1/2

[Event "Qatar Masters Open 2023"]
[Site "Doha QAT"]
[Date "2023.10.14"]
[Round "4.66"]
[White "Aziz, Husain"]
[Black "Song, Yuxin"]
[Result "1/2-1/2"]
[WhiteTitle "IM"]
[BlackTitle "WIM"]
[WhiteElo "2328"]
[BlackElo "2404"]
[WhiteFideId "12100293"]
[BlackFideId "8614300"]
[EventDate "2023.10.11"]

1. d4 Nf6 2. Nf3 d5 3. Bf4 e6 4. e3 Bd6 5. Nbd2 O-O 6. Bg3 c5 7. c3 Qc7 8. Bxd6
Qxd6 9. dxc5 Qxc5 10. Bd3 Nbd7 11. O-O Qc7 12. Rc1 Nc5 13. Be2 Bd7 14. c4 Qd6
15. b4 Ba4 16. Nb3 Nce4 17. c5 Qe7 18. Qd4 Bxb3 19. axb3 Nd7 20. Rc2 a6 21. Bd3
e5 22. Qb2 Nexc5 23. bxc5 e4 24. Be2 exf3 25. Bxf3 Nxc5 26. Qd4 Rac8 27. Qxd5 b6
28. b4 Ne6 29. Rxc8 Rxc8 30. h3 Qxb4 31. Qb7 Rd8 32. Qxa6 g6 33. Qa2 Rd2 34. Rb1
Qc3 35. Qb3 Qxb3 36. Rxb3 Rd6 37. g4 1/2-1/2

[Event "Qatar Masters Open 2023"]
[Site "Doha QAT"]
[Date "2023.10.14"]
[Round "4.67"]
[White "Garv, Gaur"]
[Black "Priyanka, Nutakki"]
[Result "1/2-1/2"]
[WhiteTitle "FM"]
[BlackTitle "WGM"]
[WhiteElo "2401"]
[BlackElo "2315"]
[WhiteFideId "45030839"]
[BlackFideId "25049615"]
[EventDate "2023.10.11"]

1. d4 Nf6 2. c4 e6 3. g3 d5 4. Bg2 Be7 5. Nf3 O-O 6. O-O a5 7. Qc2 Nbd7 8. Nbd2
c5 9. dxc5 Nxc5 10. b3 b6 11. Bb2 Bb7 12. Rfd1 Rc8 13. Rac1 h6 14. Qb1 Qe8 15.
Qa1 b5 16. cxd5 Bxd5 17. Nf1 a4 18. b4 Ncd7 19. a3 Nb6 20. Ne3 Be4 21. Nd4 Bxg2
22. Kxg2 Nc4 23. Nxc4 Rxc4 24. Kg1 Ne4 25. Nf3 f6 26. Qb1 Nd6 27. Qd3 Qc6 28.
Nd2 Rxc1 29. Rxc1 Qb7 30. Qf3 Qxf3 31. exf3 Rc8 32. Rxc8+ 1/2-1/2

[Event "Qatar Masters Open 2023"]
[Site "Doha QAT"]
[Date "2023.10.14"]
[Round "4.68"]
[White "Kwon, Sehyun"]
[Black "Jin, Yueheng"]
[Result "0-1"]
[WhiteTitle "FM"]
[WhiteElo "2313"]
[BlackElo "2398"]
[WhiteFideId "13203088"]
[BlackFideId "8616868"]
[EventDate "2023.10.11"]

1. e4 c5 2. Nc3 e6 3. d4 cxd4 4. Qxd4 Nc6 5. Qd3 Nf6 6. Bf4 d5 7. exd5 Nxd5 8.
Nxd5 Qxd5 9. Qxd5 exd5 10. O-O-O Be6 11. Nf3 Bc5 12. Rd2 h6 13. Bb5 O-O 14. h4
Rfd8 15. Ne5 Ne7 16. a3 Rac8 17. Re1 Nf5 18. h5 Nd6 19. Bd3 Nc4 20. Bxc4 dxc4
21. Rxd8+ Rxd8 22. Be3 Be7 23. Bxa7 c3 24. Nd3 cxb2+ 25. Kxb2 Rd5 26. Nf4 Rb5+
27. Kc3 Bf6+ 28. Kd2 Bd7 29. Be3 Bc6 30. Kd3 Bd7 31. f3 Ra5 32. Bc1 Rc5 33. c4
Bf5+ 34. Ke2 Rxc4 35. g4 Bd7 36. Rd1 Bc6 37. Bd2 Rc2 38. Ke3 Bg5 39. Bb4 Rc4 40.
Bd6 Rc3+ 0-1

[Event "Qatar Masters Open 2023"]
[Site "Doha QAT"]
[Date "2023.10.14"]
[Round "4.69"]
[White "Bai, Adelard"]
[Black "Enkhtuul, Altan-Ulzii"]
[Result "1-0"]
[WhiteTitle "FM"]
[BlackTitle "WGM"]
[WhiteElo "2395"]
[BlackElo "2231"]
[WhiteFideId "16301188"]
[BlackFideId "4901444"]
[EventDate "2023.10.11"]

1. d4 Nf6 2. Nf3 c5 3. d5 e6 4. Nc3 b5 5. dxe6 fxe6 6. Nxb5 Qa5+ 7. Nc3 d5 8.
Bd2 Qb6 9. e3 Bd6 10. Bb5+ Bd7 11. Qe2 a6 12. Bxd7+ Nbxd7 13. b3 O-O 14. O-O Bc7
15. e4 Rae8 16. Rfe1 Ne5 17. Ng5 h6 18. Nh3 c4 19. Bf4 Qd4 20. Na4 Qxe4 21. Qxe4
dxe4 22. Nc5 Nd5 23. Rxe4 Nxf4 24. Nxf4 Nf3+ 25. gxf3 Rxf4 26. Rxf4 Bxf4 27.
Nxa6 Ra8 28. Nc5 Be5 29. Re1 Bc3 30. Re4 Rxa2 31. Rxc4 Rxc2 32. Kg2 Rc1 33. Nd3
Rc2 34. Nb4 Bxb4 35. Rxc2 Kf7 36. Rc4 Bd6 37. b4 Ke7 38. f4 Kd7 39. b5 Bc7 40.
Kf3 g6 41. Ke4 Bb6 42. f3 g5 43. fxg5 hxg5 44. h3 Ba7 45. Ke5 Bb8+ 46. Kf6 Bf4
47. Rxf4 gxf4 48. h4 Kd6 49. h5 e5 50. Kf5 e4 51. Kxe4 1-0

[Event "Qatar Masters Open 2023"]
[Site "Doha QAT"]
[Date "2023.10.14"]
[Round "4.70"]
[White "Chan, Kim Yew"]
[Black "Venkatesh, M.R."]
[Result "0-1"]
[WhiteTitle "FM"]
[BlackTitle "GM"]
[WhiteElo "2292"]
[BlackElo "2428"]
[WhiteFideId "5717981"]
[BlackFideId "5005779"]
[EventDate "2023.10.11"]

1. d4 g6 2. e4 Bg7 3. Nf3 d6 4. Be2 Nd7 5. O-O e6 6. c4 h6 7. Nc3 Ne7 8. Be3 O-O
9. d5 e5 10. Nd2 f5 11. f3 f4 12. Bf2 g5 13. b4 b6 14. a4 a5 15. bxa5 Rxa5 16.
Nb3 Ra8 17. a5 Nc5 18. axb6 Rxa1 19. Nxa1 cxb6 20. Nb3 h5 21. Nb5 Ng6 22. h3 Bf6
23. Nxc5 bxc5 24. Qa4 g4 25. fxg4 hxg4 26. hxg4 Bh4 27. Qa7 Bg3 28. Nxd6 Bxf2+
29. Kxf2 Qxd6 30. Rh1 Rf7 31. Qa8 Qf8 32. Rb1 Bb7 33. Qa3 Qe7 34. Rh1 f3 35.
gxf3 Nf4 36. Qa7 Qd6 37. Qa1 Qf6 38. Qd1 Bc8 39. Kg3 Ra7 40. Qc2 Ra3 41. Bd1
Bxg4 42. Qb2 Qg5 43. Qxa3 Bd7+ 44. Kf2 Qg2+ 45. Ke3 Qxh1 46. Kd2 Qg2+ 47. Kc1
Qf1 48. Qb3 Kf7 49. Kb2 Nd3+ 50. Kc3 Nb4 51. Kd2 Qf2+ 52. Be2 Qd4+ 53. Ke1 Kf6
54. Qd1 Qe3 55. d6 Kg5 56. Kf1 Bh3+ 57. Ke1 Bd7 58. Kf1 Kf4 59. Kg2 Qc3 60. Qg1
Nc2 61. Qxc5 Qe1 0-1

[Event "Qatar Masters Open 2023"]
[Site "Doha QAT"]
[Date "2023.10.14"]
[Round "4.71"]
[White "Karthik, Rajaa"]
[Black "Hari, Madhavan N B"]
[Result "1-0"]
[WhiteTitle "FM"]
[BlackTitle "IM"]
[WhiteElo "2309"]
[BlackElo "2408"]
[WhiteFideId "25035215"]
[BlackFideId "25054309"]
[EventDate "2023.10.11"]

1. c4 c6 2. Nf3 d5 3. g3 Bg4 4. Bg2 e6 5. O-O Nd7 6. cxd5 exd5 7. d3 Ngf6 8. Qc2
Bd6 9. Nbd2 O-O 10. Re1 Re8 11. b3 Qa5 12. a3 Qc5 13. Qd1 Qb6 14. Bb2 Ne5 15.
Qc2 Nxf3+ 16. Bxf3 Be5 17. e3 h5 18. Bxe5 Rxe5 19. d4 Re7 20. Bg2 h4 21. b4 a6
22. Qc5 Qd8 23. a4 Rc8 24. Rac1 h3 25. Bh1 Qd7 26. f3 Bf5 27. e4 dxe4 28. fxe4
Rce8 29. e5 Nd5 30. Nc4 Bg6 31. Nd6 Rf8 32. Bf3 Qe6 33. b5 axb5 34. axb5 b6 35.
Qxc6 Nb4 36. d5 Nxc6 37. bxc6 1-0

[Event "Qatar Masters Open 2023"]
[Site "Doha QAT"]
[Date "2023.10.14"]
[Round "4.72"]
[White "Banh Gia Huy"]
[Black "Shahil, Dey"]
[Result "1/2-1/2"]
[WhiteTitle "FM"]
[BlackTitle "IM"]
[WhiteElo "2397"]
[BlackElo "2357"]
[WhiteFideId "12424714"]
[BlackFideId "35062352"]
[EventDate "2023.10.11"]

1. d4 Nf6 2. Bf4 e6 3. e3 c5 4. Nf3 Nc6 5. Nc3 cxd4 6. exd4 Bb4 7. Bd3 O-O 8.
O-O Ne7 9. Nb5 Ned5 10. Bg3 Nh5 11. c4 Nxg3 12. hxg3 Nf6 13. c5 Ba5 14. a3 Bc7
15. Nxc7 Qxc7 16. b4 b6 17. Qe2 Bb7 18. Rac1 Rac8 19. Qe5 Rfd8 20. Qxc7 Rxc7 21.
Ne5 Rdc8 22. Nc4 Ne8 23. Rb1 bxc5 24. dxc5 d6 25. Nxd6 Nxd6 26. cxd6 Rc3 27. d7
Rd8 28. Bb5 a6 29. Rbc1 Rxc1 30. Rxc1 axb5 31. Rc7 Ba6 1/2-1/2

[Event "Qatar Masters Open 2023"]
[Site "Doha QAT"]
[Date "2023.10.14"]
[Round "4.73"]
[White "Akshat, Khamparia"]
[Black "Dixit, Nikhil"]
[Result "0-1"]
[WhiteTitle "IM"]
[BlackTitle "FM"]
[WhiteElo "2393"]
[BlackElo "2327"]
[WhiteFideId "5016541"]
[BlackFideId "5059534"]
[EventDate "2023.10.11"]

1. d4 Nf6 2. c4 g6 3. Nc3 Bg7 4. e4 d6 5. Be2 O-O 6. Be3 c5 7. d5 e6 8. Nf3 exd5
9. cxd5 b5 10. e5 dxe5 11. Bxc5 Re8 12. Bxb5 Nbd7 13. Ba3 e4 14. Nd4 Nh5 15. Qd2
Qf6 16. O-O-O Nf4 17. Kb1 a6 18. Bc6 Rb8 19. Nb3 Nd3 20. f3 Nb6 21. fxe4 Nc4 22.
Qxd3 Nxa3+ 23. bxa3 Rxe4 24. Rhf1 Bf5 25. Rxf5 gxf5 26. Kc2 Qe5 27. Rd2 Re3 28.
Qd4 Rxc3+ 29. Kxc3 Qe3+ 30. Rd3 Bxd4+ 31. Nxd4 Qe1+ 32. Rd2 Rb2 33. Nc2 Qe5+ 34.
Kc4 Qd6 35. Kc3 Rb8 36. Kc4 Rb2 37. g3 h5 38. Kc3 Rb6 39. Rd4 Qe5 40. Ba4 h4 41.
gxh4 f4 42. Bb3 f3 43. Bc4 f2 44. Kd2 Rb2 45. Kd1 Rxc2 0-1

[Event "Qatar Masters Open 2023"]
[Site "Doha QAT"]
[Date "2023.10.14"]
[Round "4.74"]
[White "Rakhmatullaev, Almas"]
[Black "Nandhidhaa, P V"]
[Result "0-1"]
[WhiteTitle "IM"]
[BlackTitle "WGM"]
[WhiteElo "2389"]
[BlackElo "2260"]
[WhiteFideId "14205793"]
[BlackFideId "5050847"]
[EventDate "2023.10.11"]

1. e4 d6 2. d4 Nf6 3. Nc3 e5 4. Nf3 Nbd7 5. Bc4 Be7 6. O-O O-O 7. a4 c6 8. h3 h6
9. dxe5 dxe5 10. Qe2 Qc7 11. Nh4 Nc5 12. Ng6 Re8 13. f4 Be6 14. f5 fxg6 15. fxe6
Qc8 16. Qf3 Nxe6 17. Qg3 Kh7 18. Qxe5 Bc5+ 19. Kh1 Bd4 20. Qh2 Nc5 21. Ne2 Be5
22. Qg1 Ncxe4 23. Bd3 Bd6 24. Bf4 Bc5 25. Qh2 Nd5 26. Be5 Nf2+ 27. Rxf2 Bxf2 28.
Rf1 Qe6 29. c4 Qxe5 30. Qxe5 Rxe5 31. cxd5 Be3 32. dxc6 bxc6 33. b3 Rd8 34. Bc4
Rf5 35. Re1 Bf2 36. Rc1 Rd2 37. g4 Re5 38. Nf4 Be3 0-1

[Event "Qatar Masters Open 2023"]
[Site "Doha QAT"]
[Date "2023.10.14"]
[Round "4.75"]
[White "Karamsetty, Jeevan"]
[Black "Ilamparthi, A R"]
[Result "0-1"]
[BlackTitle "IM"]
[WhiteElo "2300"]
[BlackElo "2387"]
[WhiteFideId "2025337"]
[BlackFideId "45015775"]
[EventDate "2023.10.11"]

1. e4 c5 2. Nc3 e6 3. g3 d5 4. exd5 exd5 5. d4 Nc6 6. Bg2 Nf6 7. Nge2 cxd4 8.
Nxd4 Bg4 9. Qd3 Bc5 10. Nxc6 bxc6 11. O-O O-O 12. Na4 Bd6 13. Be3 Re8 14. c4 Qa5
15. Nc3 Qa6 16. Rfe1 Rad8 17. Bf1 d4 18. Bxd4 Be5 19. Bxe5 Rxd3 20. Bxd3 Rd8 21.
Re3 Be6 22. Bxf6 gxf6 23. b3 Qa5 24. Bf1 Kg7 25. Ne2 Rd2 26. Nf4 Bf5 27. a3 Rb2
28. Nh5+ Kg6 29. Nf4+ Kh6 30. Be2 Bc2 31. b4 Rxb4 32. axb4 Qxa1+ 33. Kg2 Qa4 34.
Bd3 Bxd3 35. Nxd3 c5 36. bxc5 Qxc4 37. Rf3 Qe4 38. Nc1 a5 39. Na2 f5 40. h3 Kg5
41. Nc3 Qa8 42. Nb5 a4 43. Na3 Qc6 44. Nc4 h5 45. h4+ Kf6 46. Na3 Kg7 47. Nc4
Kg8 48. Na3 Kf8 49. Nc4 Ke7 50. Na3 Kd8 51. Nc2 Qxc5 52. Rd3+ Kc7 53. Na3 Kb6
54. Re3 Qd5+ 55. Kf1 Kc5 56. Ke2 Qa2+ 57. Ke1 Kb4 58. Kd1 Qxa3 59. Rxa3 Kxa3 60.
Kc2 Kb4 61. f3 a3 62. g4 fxg4 63. fxg4 a2 64. Kb2 hxg4 0-1

[Event "Qatar Masters Open 2023"]
[Site "Doha QAT"]
[Date "2023.10.14"]
[Round "4.76"]
[White "Goh, Zi Han"]
[Black "Aayush, Bhattacherjee"]
[Result "1/2-1/2"]
[WhiteTitle "FM"]
[BlackTitle "FM"]
[WhiteElo "2334"]
[BlackElo "2444"]
[WhiteFideId "5819156"]
[BlackFideId "35029070"]
[EventDate "2023.10.11"]

1. d4 Nf6 2. c4 g6 3. Nf3 Bg7 4. g3 d5 5. cxd5 Nxd5 6. Bg2 O-O 7. O-O c6 8. e4
Nc7 9. Nc3 Bg4 10. Be3 Qc8 11. Qb3 Nd7 12. Rac1 Qb8 13. h3 Bxf3 14. Bxf3 Rd8 15.
Rfd1 e5 16. d5 c5 17. Bg4 b6 18. d6 Ne8 19. Nd5 Nxd6 20. Ne7+ Kf8 21. Nc6 Qc7
22. Nxd8 Rxd8 23. Bxd7 Rxd7 24. Qd5 Ke7 25. Bg5+ Ke8 26. Qa8+ Qc8 27. Qxc8+ Nxc8
28. f3 f6 29. Be3 Nd6 30. Kf2 Ke7 31. Rd5 Ke6 32. Rcd1 Bf8 33. h4 h5 34. b3 Rc7
35. Ke2 Be7 36. Bc1 Nb5 37. Bb2 Nd4+ 38. Kf2 Nc6 39. R5d2 Nb4 40. Bc3 c4 41.
bxc4 Rxc4 42. Bxb4 Bxb4 43. Rb2 Ba3 44. Re2 Bc5+ 45. Kg2 Bd4 46. f4 b5 47. Rf1
exf4 48. gxf4 f5 49. e5 Bc5 50. Rf3 b4 51. Kh3 Be7 52. Rg2 Kf7 53. e6+ Kxe6 54.
Rxg6+ Bf6 55. Rh6 Rc2 56. Rxh5 Rxa2 57. Re3+ Kf7 58. Rxf5 a5 59. Rb5 Bc3 60. Rd3
a4 61. Rd7+ Ke6 62. Ra7 Kd6 63. Ra6+ Kc7 64. Rh5 Kb7 65. Rg6 Rd2 66. Rh7+ Kc8
67. Ra6 Rd7 68. Rxd7 Kxd7 69. Rxa4 b3 70. Ra3 b2 71. Rb3 Kd6 72. Kg4 Kd5 73. Kf5
Kc4 74. Rxb2 Bxb2 75. Ke6 Kd4 76. f5 Ke4 77. f6 Kf4 78. f7 Bg7 79. Ke7 Kg4 80.
f8=Q Bxf8+ 81. Kxf8 Kxh4 1/2-1/2

[Event "Qatar Masters Open 2023"]
[Site "Doha QAT"]
[Date "2023.10.14"]
[Round "4.77"]
[White "Seemann, Jakub"]
[Black "Nagarkatte Vedant"]
[Result "0-1"]
[WhiteTitle "IM"]
[BlackTitle "FM"]
[WhiteElo "2431"]
[BlackElo "2345"]
[WhiteFideId "21874697"]
[BlackFideId "25636227"]
[EventDate "2023.10.11"]

1. d4 Nf6 2. c4 e6 3. Nf3 d5 4. g3 dxc4 5. Bg2 c5 6. O-O Nc6 7. dxc5 Qxd1 8.
Rxd1 Bxc5 9. Nfd2 Ne5 10. Na3 Bxa3 11. bxa3 Nd5 12. Ne4 f6 13. Bb2 Nf7 14. Rac1
b5 15. Nc3 Rb8 16. Nxd5 exd5 17. Bd4 Bb7 18. Bxa7 Rd8 19. Rb1 Bc6 20. Bb6 Rd7
21. a4 bxa4 22. Bh3 Rb7 23. Bc8 Rb8 24. Be6 Ke7 25. Bf5 Nd6 26. Bc5 g6 27. Bh3
f5 28. f3 Ke6 29. Rbc1 Rhd8 30. Rd2 Nb5 31. e3 Rd7 32. g4 Rdb7 33. gxf5+ gxf5
34. Rg2 Nd6 35. Bd4 Rb1 36. Rxb1 Rxb1+ 37. Kf2 Nb5 38. Bh8 Rc1 39. Kg3 c3 40.
Kf4 Nd6 41. Be5 a3 42. Bxd6 Kxd6 43. Bxf5 Ba4 44. Rg8 c2 45. Rd8+ Kc6 46. Ra8
Rb1 47. Bxc2 Bxc2 48. Rc8+ Kb5 49. Rxc2 Rb2 50. Rc7 Rxh2 51. Ke5 h5 52. Rh7 Kc4
53. f4 Rxa2 54. Rc7+ Kd3 55. Kxd5 Kxe3 56. f5 Rf2 57. Ke6 a2 58. Ra7 h4 59. f6
h3 60. f7 Rxf7 61. Ra3+ Kf4 62. Ra4+ Kg3 63. Kxf7 h2 64. Rxa2 h1=Q 65. Ra3+ Kg4
66. Ra4+ Kg5 67. Ra5+ Kh6 68. Ra6+ Kh7 69. Rd6 Qh5+ 70. Kf6 Qg6+ 71. Ke5 Qg3+
72. Kd5 Kg7 73. Re6 Kf7 74. Re4 Kf6 75. Re6+ Kf5 76. Re8 Qd3+ 77. Kc5 Qc3+ 78.
Kd6 Qd4+ 79. Kc7 Qc5+ 80. Kd7 Kf6 81. Re6+ Kf7 82. Rh6 Qf5+ 83. Kc6 Ke7 84. Kb6
Kd7 85. Rh1 Qe6+ 86. Ka7 Qa2+ 87. Kb6 Qb3+ 88. Kc5 Qc3+ 0-1

[Event "Qatar Masters Open 2023"]
[Site "Doha QAT"]
[Date "2023.10.14"]
[Round "4.78"]
[White "Singh, Ojasva"]
[Black "Begmuratov, Khumoyun"]
[Result "0-1"]
[WhiteTitle "FM"]
[BlackTitle "FM"]
[WhiteElo "2324"]
[BlackElo "2374"]
[WhiteFideId "25681958"]
[BlackFideId "14210207"]
[EventDate "2023.10.11"]

1. e4 c5 2. Nf3 d6 3. d4 cxd4 4. Nxd4 Nf6 5. Nc3 a6 6. h3 e5 7. Nb3 Be6 8. f4 g6
9. Be2 Nbd7 10. O-O Rc8 11. Qe1 Be7 12. Be3 Qc7 13. Rd1 O-O 14. f5 Bc4 15. Bh6
Rfe8 16. Bxc4 Qxc4 17. Bg5 b5 18. Qh4 b4 19. Nd5 Nxd5 20. Rxd5 f6 21. fxg6 hxg6
22. Qg4 f5 23. Qg3 Qxe4 24. Bxe7 Rxe7 25. Rxd6 Nf8 26. Re1 Qb7 27. Rxe5 Rxe5 28.
Qxe5 Rxc2 29. Rd5 Rxb2 30. Nc5 Qg7 31. Qe8 Qc3 32. Nd3 Qd2 0-1

[Event "Qatar Masters Open 2023"]
[Site "Doha QAT"]
[Date "2023.10.14"]
[Round "4.79"]
[White "Brendel, Oliver"]
[Black "Mammadova, Gulnar"]
[Result "0-1"]
[WhiteTitle "IM"]
[BlackTitle "IM"]
[WhiteElo "2316"]
[BlackElo "2346"]
[WhiteFideId "4602048"]
[BlackFideId "13403508"]
[EventDate "2023.10.11"]

1. c4 Nf6 2. Nc3 e5 3. g3 Bb4 4. Bg2 O-O 5. Qb3 a5 6. Nf3 Re8 7. O-O e4 8. Ng5
Bxc3 9. bxc3 h6 10. Nh3 d6 11. f3 exf3 12. exf3 Bf5 13. Nf2 Nbd7 14. d4 Nb6 15.
c5 Be6 16. Qb2 Nc4 17. Qxb7 Rb8 18. Qa6 Bd5 19. f4 dxc5 20. f5 Bxg2 21. Kxg2
Qd5+ 22. Kg1 Rb6 23. Qa7 Qc6 24. Bf4 Nd5 25. Bxc7 Nde3 0-1

[Event "Qatar Masters Open 2023"]
[Site "Doha QAT"]
[Date "2023.10.15"]
[Round "5.1"]
[White "Carlsen, Magnus"]
[Black "Bharath, Subramaniyam H"]
[Result "1-0"]
[WhiteTitle "GM"]
[BlackTitle "GM"]
[WhiteElo "2839"]
[BlackElo "2500"]
[WhiteFideId "1503014"]
[BlackFideId "46634827"]
[EventDate "2023.10.11"]

1. e4 e5 2. Nf3 Nc6 3. Bc4 Nf6 4. d3 h6 5. O-O d6 6. a4 g6 7. c3 Bg7 8. Nbd2 O-O
9. b4 Kh7 10. Re1 Nh5 11. b5 Na5 12. Ba2 f5 13. exf5 Bxf5 14. d4 Nf4 15. Ne4 d5
16. Bxf4 Bxe4 17. Bxe5 Bxf3 18. gxf3 Nc4 19. Bg3 h5 20. h4 a6 21. Bxc4 dxc4 22.
Qe2 axb5 23. axb5 Qd5 24. Qe4 Qxb5 25. Rxa8 Rxa8 26. Rb1 Qa5 27. Rxb7 Qxc3 28.
Rxc7 Ra1+ 29. Kg2 Re1 30. Qd5 Qc1 31. Bh2 Re2 32. Qf7 Rxf2+ 33. Kg3 Qh6 34.
Qxg7+ Qxg7 35. Rxg7+ Kxg7 36. Kxf2 1-0

[Event "Qatar Masters Open 2023"]
[Site "Doha QAT"]
[Date "2023.10.15"]
[Round "5.5"]
[White "Maghsoodloo, Parham"]
[Black "Salem, A.R. Saleh"]
[Result "1-0"]
[WhiteTitle "GM"]
[BlackTitle "GM"]
[WhiteElo "2707"]
[BlackElo "2632"]
[WhiteFideId "12539929"]
[BlackFideId "9301348"]
[EventDate "2023.10.11"]

1. d4 Nf6 2. c4 g6 3. Nc3 d5 4. cxd5 Nxd5 5. e4 Nxc3 6. bxc3 Bg7 7. Bc4 c5 8.
Ne2 Nc6 9. Be3 O-O 10. O-O Bg4 11. f3 Na5 12. Bxf7+ Rxf7 13. fxg4 Rxf1+ 14. Kxf1
Qd6 15. Kg1 Qe6 16. Qc2 cxd4 17. cxd4 Rc8 18. Qd3 Qxg4 19. Kh1 Nc4 20. Bg1 a6
21. a4 Bh6 22. Rb1 Qd7 23. Rb4 Na5 24. d5 Bf8 25. Nd4 e5 26. dxe6 Qd6 27. Rb1
Bg7 28. Qf3 Rf8 29. Qc3 Qe5 30. h3 Re8 31. Qf3 Qf6 32. Qe2 Qe5 33. Rf1 Qd6 34.
Qa2 Nc6 35. e7+ Kh8 36. Nxc6 bxc6 37. Qc4 Qxe7 38. Qxa6 Qxe4 39. a5 g5 40. Rc1
c5 41. Rxc5 g4 42. Qc6 Qe7 43. a6 gxh3 44. a7 hxg2+ 45. Kxg2 Qe2+ 46. Kh1 Qe7
47. Rh5 Qd8 48. Qd5 Qc8 49. Qg2 h6 50. Ra5 1-0

[Event "Qatar Masters Open 2023"]
[Site "Doha QAT"]
[Date "2023.10.15"]
[Round "5.6"]
[White "Makarian, Rudik"]
[Black "Giri, Anish"]
[Result "1-0"]
[WhiteTitle "IM"]
[BlackTitle "GM"]
[WhiteElo "2548"]
[BlackElo "2760"]
[WhiteFideId "44105681"]
[BlackFideId "24116068"]
[EventDate "2023.10.11"]

1. d4 Nf6 2. c4 e6 3. Nf3 d5 4. g3 Bb4+ 5. Bd2 Be7 6. Bg2 O-O 7. O-O c6 8. Qc2
Nbd7 9. Bf4 h6 10. Rd1 a5 11. Nc3 dxc4 12. Nd2 Nd5 13. Nxc4 Nxf4 14. gxf4 Nf6
15. e3 Bd7 16. a3 Be8 17. Rac1 Kh8 18. Qb3 Qc7 19. Qb6 Qb8 20. Qb3 Rg8 21. Ne5
Bd6 22. Kh1 Nd5 23. Ne4 a4 24. Qc2 f6 25. Nxd6 Qxd6 26. Nc4 Qe7 27. f5 Bf7 28.
fxe6 Qxe6 29. Qe4 Qd7 30. Qh4 Rad8 31. e4 Ne7 32. Qg3 Bxc4 33. Rxc4 b5 34. Rcc1
Qa7 35. d5 c5 36. Qe3 Ng6 37. Qxc5 Qa6 38. Qc6 Qa7 39. Qc5 Qa6 40. Bh3 Nf4 41.
Bf5 g6 42. d6 Qa8 43. Qd4 Rg7 44. Qxf6 Kh7 45. Bg4 Rf8 46. Qe5 h5 47. Rc7 Rff7
48. Rxf7 Rxf7 49. d7 Qd8 50. Qe8 1-0

[Event "Qatar Masters Open 2023"]
[Site "Doha QAT"]
[Date "2023.10.15"]
[Round "5.8"]
[White "Yakubboev, Nodirbek"]
[Black "Adhiban, Baskaran"]
[Result "1-0"]
[WhiteTitle "GM"]
[BlackTitle "GM"]
[WhiteElo "2616"]
[BlackElo "2551"]
[WhiteFideId "14203987"]
[BlackFideId "5018471"]
[EventDate "2023.10.11"]

1. d4 Nf6 2. Nf3 e6 3. c4 d5 4. Nc3 dxc4 5. e4 b5 6. e5 Nd5 7. Nxb5 Nb6 8. Be2
Be7 9. O-O Nc6 10. Be3 Rb8 11. Nc3 O-O 12. a3 Bb7 13. Qc2 Na5 14. Rad1 h6 15.
Nd2 Qd7 16. Nde4 Nd5 17. Bd2 Rfd8 18. Na4 Nb3 19. Qxc4 Nxd4 20. Qxd4 Nf4 21.
Nf6+ Bxf6 22. Qxf4 Bg5 23. Qc4 Bxd2 24. Nc5 Qc8 25. h4 Ba5 26. Rxd8+ Qxd8 27.
Nxb7 Rxb7 28. Rd1 Qe7 29. Qa6 Rxb2 30. Qc8+ Kh7 31. Bd3+ g6 32. Bxg6+ Kxg6 33.
Qg8+ Kf5 34. Qh7+ Kxe5 35. Qg7+ 1-0